Logo

Description automatically generated
विद्यार्जन
 संसाधन केंद्र, भारतीय प्रौद्योगिकी संस्थान इन्दौर
Learning Resource Center, Indian Institute of Technology Indore

ऑनलाइन सार्वजनिक अभिगम प्रसूची
Online Public Access Catalogue (OPAC)

Devi : the Devi Bhagavatam retold (Record no. 57293)

MARC details
000 -LEADER
fixed length control field 00549nam a2200205Ia 4500
005 - DATE AND TIME OF LATEST TRANSACTION
control field 20260629163254.0
008 - FIXED-LENGTH DATA ELEMENTS--GENERAL INFORMATION
fixed length control field 260629s9999||||xx |||||||||||||| ||und||
020 ## - INTERNATIONAL STANDARD BOOK NUMBER
International Standard Book Number 9788129115546
Qualifying information pbk
082 ## - DEWEY DECIMAL CLASSIFICATION NUMBER
Classification number 294.5925
Item number MEN
100 ## - MAIN ENTRY--PERSONAL NAME
Personal name Menon, Ramesh
245 #0 - TITLE STATEMENT
Title Devi : the Devi Bhagavatam retold
250 ## - EDITION STATEMENT
Edition statement 27th rep. 2024
260 ## - PUBLICATION, DISTRIBUTION, ETC.
Place of publication, distribution, etc. New Delhi
Name of publisher, distributor, etc. Rupa Publications India
Date of publication, distribution, etc. 2006
300 ## - PHYSICAL DESCRIPTION
Extent 514p. ; 23cm.
653 ## - INDEX TERM--UNCONTROLLED
Uncontrolled term Devi Bhagavata
653 ## - INDEX TERM--UNCONTROLLED
Uncontrolled term Hindu mythology
653 ## - INDEX TERM--UNCONTROLLED
Uncontrolled term Puranas Goddesses, Hindu
653 ## - INDEX TERM--UNCONTROLLED
Uncontrolled term Shaktism
942 ## - ADDED ENTRY ELEMENTS (KOHA)
Koha item type Book
Holdings
Withdrawn status Lost status Damaged status Not for loan Home library Current library Shelving location Date acquired Source of acquisition Total Checkouts Full call number Barcode Date last seen Price effective from Koha item type
        LRC, IIT Indore LRC, IIT Indore 3rd Floor - General Stack 29/06/2026 Gratis Book Price: INR 795.00   294.5925 MEN G2518 29/06/2026 29/06/2026 Book
Copyright © 2017-2026 Indian Institute of Technology Indore. All Rights Reserved.
Managed & maintained by Learning Resource Center, IIT Indore